000 00272nam a22001217a 4500
041 _aENG
100 _aAyres.C.E
245 _aLand Drainage and Reclamation
260 _aNew York
_bMcGraw Hill
_c1939
300 _a496
650 _aIDE ( 05 )
856 _uIDE ( 05 )
999 _c2789
_d2789